• 首页
  • 本馆介绍
  • 公告通知
  • 最新文献
  • 馆藏检索
  • 电子资源
  • 读者导购
  • 参考咨询
  • 我的图书馆
  • 登录
  • 详细信息显示
  • 放入我的书架
  • 预约/预借图书
  • 作者相关作品
  • 分类相关作品
  • 丛书相关作品
  • 出版社相关作品

书目信息

  • 表格格式
  • 工作单格式
  • 卡片格式
书名: Eugénie Grandet
作者:
分册号:
分册名:
出版地:
 
出版社: PENGUIN BOOKS
出版时间:
页数: 247p. :
开本: 20020930
丛书名:
中图分类号:
科图分类号:
其他分类号: H319.4
主题词:
电子资源:
000 00552nam 2200217 a 4500
001 E0730909706
005 20070303084155.51
008 fre
008 uu
020    @cCNY0.85.
040    @aNLC
049    @aN5LA
090    @a2/I565.44/BHEG///////*962730-1/ 2cop.
090    @aH319.4
096    @aI565.44 @v2
099    @dH319.4@ex25
100 1  @aBalzac, Honoré de.
245 10 @aEugénie Grandet
260    @bPENGUIN BOOKS.
300    @a247p. :@b00 ;@c20020930@lNLC09@h2245@lNLC09@h2236@lNLC09@h1827
852 9  @bWWJC @cJ08S @k2 @hI565.44 @iBHEG
    
    Eugénie Grandet.-PENGUIN BOOKS.
    247p. : : 00 ; ; 20020930
    
    
    ISBN CNY0.85.
    
●
相关链接 在E读中查询图书 在五车中查询图书 在当当中查询图书 在豆瓣中查询图书


正题名:Eugénie Grandet     索取号:H319.4/x25         预约/预借

序号 登录号 条形码 馆藏地/架位号 状态 备注
1 68093   202456966   第四借阅区/ [索取号:H319.4/x25] 在馆    
唐山师范学院图书馆 欢迎您!
大连网信软件有限公司© 版权所有